000 00405nam a2200157Ia 4500
008 160316s1981 xxu||||| |||| 00| 0 eng d
082 _a346.015000
_bROM
100 _aRomero Flerida Ruth P
245 _aFamily law in the Philippines
250 _a
260 _aPhilippines
_bUP Law Center
_c1981
300 _a65p
_b20 cm
_c
365 _bGratis
650 _a1.Family Laws - Philippines
700 _a
_a
999 _c1437
_d1437